Hayya 'Alal Falaah : Rahsia kejayaan dalam solat

Bibliographic Details
Main Author: Ahmad Rafiq Jabir
Corporate Author: Title
Format: Book
Published: Kuala Lumpur : Jasmin Enterprise , 2003
Subjects:

MARC

LEADER 00000cam a2200000 7i4500
001 0000012939
005 20080307.0
008 080104
020 |a 9832565413 
090 0 0 |a 297.38241   |b AHM 
100 0 |a Ahmad Rafiq Jabir 
245 1 0 |a Hayya 'Alal Falaah :   |b Rahsia kejayaan dalam solat   |c Ahmad Rafiq Jabir 
260 |a Kuala Lumpur :   |b Jasmin Enterprise ,   |c 2003 
650 0 |a Prayer   |x Islam 
710 0 |a Title 
999 |a 0001009141   |b Book   |c Adult Collection   |e Cawangan Sri Merlong 
999 |a 0001009142   |b Book   |c Adult Collection   |e Cawangan Tangkak 
999 |a 0001009143   |b Book   |c Adult Collection   |e Perbadanan Perpustakaan Awam Johor 
999 |a 0001009344   |b Book   |c Adult Collection   |e Perbadanan Perpustakaan Awam Johor 
999 |a 0001009345   |b Book   |c Adult Collection   |e Perbadanan Perpustakaan Awam Johor